000
00233nam a2200097Ia 4500
008
240331s9999 xx 000 0 und d
082
_b
SUB
100
_a
Subramanian, N
245
0
_a
Tamil aayviyalil kalanithi K.Kailasapathy
942
_c
L
999
_c
4110
_d
4110